JOHN DEWEY (Record no. 21555)

MARC details
000 -LEADER
fixed length control field 00379nam a22001697a 4500
003 - CONTROL NUMBER IDENTIFIER
control field OSt
005 - DATE AND TIME OF LATEST TRANSACTION
control field 20211206154001.0
008 - FIXED-LENGTH DATA ELEMENTS--GENERAL INFORMATION
fixed length control field 211206b |||||||| |||| 00| 0 eng d
020 ## - INTERNATIONAL STANDARD BOOK NUMBER
International Standard Book Number 0807737275
040 ## - CATALOGING SOURCE
Transcribing agency HU
050 ## - LIBRARY OF CONGRESS CALL NUMBER
Classification number 370.1
082 ## - DEWEY DECIMAL CLASSIFICATION NUMBER
Classification number 370.1
100 ## - MAIN ENTRY--PERSONAL NAME
Personal name Stephen M. Fishman Lucille McCarthy
9 (RLIN) 21873
245 ## - TITLE STATEMENT
Title JOHN DEWEY
300 ## - PHYSICAL DESCRIPTION
Extent 260
942 ## - ADDED ENTRY ELEMENTS (KOHA)
Source of classification or shelving scheme Dewey Decimal Classification
Koha item type Books like text book referance book
Suppress in OPAC No
Holdings
Withdrawn status Lost status Source of classification or shelving scheme Damaged status Not for loan Home library Current library Shelving location Date acquired Total Checkouts Full call number Barcode Date last seen Copy number Price effective from Koha item type
    Dewey Decimal Classification     Social Library Social Library General Stacks 12/06/2021   370.1/FIS SHLIB00003248 12/06/2021 1 12/06/2021 Books like text book referance book
    Dewey Decimal Classification     Social Library Social Library General Stacks 12/06/2021   370.1/FIS SHLIB00003249 12/06/2021 2 12/06/2021 Books like text book referance book
    Dewey Decimal Classification     Social Library Social Library General Stacks 12/06/2021   370.1/FIS SHLIB00003250 12/06/2021 3 12/06/2021 Books like text book referance book
    Dewey Decimal Classification     Social Library Social Library General Stacks 12/06/2021   370.1/FIS SHLIB00003251 12/06/2021 4 12/06/2021 Books like text book referance book
    Dewey Decimal Classification     Social Library Social Library General Stacks 12/06/2021   370.1/FIS SHLIB00003252 12/06/2021 5 12/06/2021 Books like text book referance book
    Dewey Decimal Classification     Social Library Social Library General Stacks 12/06/2021   370.1/FIS SHLIB00003253 12/06/2021 6 12/06/2021 Books like text book referance book
    Dewey Decimal Classification     Social Library Social Library General Stacks 12/06/2021   370.1/FIS SHLIB00003254 12/06/2021 7 12/06/2021 Books like text book referance book
    Dewey Decimal Classification     Social Library Social Library Fiction 12/06/2021   370.1/FIS SHLIB00003255 12/06/2021 8 12/06/2021 Books like text book referance book